Gaming Quiz

Random Gaming or Mario Quiz

Mario & Sonic Quiz Stats

 Plays Quiz not verified by Sporcle

Challenge
Share
Tweet
Embed
Score 0/21 Timer 10:00
0 Plays Today
Type Characters % Correct
All-AroundMario
99.2%
SpeedSonic
98.1%
All-AroundLuigi
95.9%
SkillPeach
90.5%
SkillTails
90.2%
PowerBowser
90%
PowerKnuckles
85.5%
PowerWario
84.1%
SpeedDaisy
83.6%
SkillDr. Eggman
83%
SpeedShadow
83%
Type Characters % Correct
SpeedYoshi
82.8%
SkillWaluigi
80.8%
All-AroundAmy
79.2%
PowerVector
67.9%
All-AroundBlaze
67.7%
PowerDonkey Kong
65.6%
SkillSilver
60.5%
All-AroundBowser Jr.
54.7%
SpeedMetal Sonic
54.2%
NoneMii
41.9%

You're not logged in!

Compare scores with friends on all Sporcle quizzes.
OR
Log In

You Might Also Like...

Show Comments

Extras

Top Quizzes Today


Score Distribution

Your Account Isn't Verified!

In order to create a playlist on Sporcle, you need to verify the email address you used during registration. Go to your Sporcle Settings to finish the process.

Report this User

Report this user for behavior that violates our Community Guidelines.

Details: